000 00341nam a22001337a 4500
020 _qPB.
040 _cFIZZA ISHAQ
082 _a005.1
_bBIL
100 _aPHILIPS, BILL.
_989586
245 _aANDROID PROGRAMMING THE BIG NERD RANCH GUIDE /
_cBILL PHILLIPS.
260 _aNEW YORK ;
_bLLC,
_c2019.
300 _a1057 P. ;
942 _2ddc
_cBK
999 _c588248
_d588248